000 01014nam a22002177a 4500
999 _c1423
_d1423
005 20251125232737.0
008 s2525 th tha d
040 _aNALT
041 _atha
050 _aDS568 ส6
245 1 0 _aพระราชพิธีสมโภชกรุงรัตนโกสินทร์ 200 ปี
246 _aRoyal Ceremonies for the Rattanakosin Bicentennial
260 3 _bโรงพิมพ์รุ่งเรืองรัตน์,
_c2525
300 _a230 หน้า :
_b ภาพประกอบ
650 0 4 _aกรุงเทพฯ -- งานฉลองครบรอบสองร้อยปี
650 0 4 _aพิธีทางศาสนาและพิธีกรรม -- สมโภชกรุงรัตนโกสินทร์
650 0 4 _aไทย -- ความเป็นอยู่และประเพณี
850 _aNALT
856 4 0 _uhttps://hdl.handle.net/20.500.14156/361222
_71
942 _cGB
_2lcc